The Malaysian Women's Weekly (Record no. 149787)

MARC details
000 -LEADER
fixed length control field 00517nas a2200193 i 4500
001 - CONTROL NUMBER
control field 2-00323086
003 - CONTROL NUMBER IDENTIFIER
control field PPAK
005 - DATE AND TIME OF LATEST TRANSACTION
control field 20180729123408.0
008 - FIXED-LENGTH DATA ELEMENTS--GENERAL INFORMATION
fixed length control field 131001s my |||| ||||| | eng d
022 ## - INTERNATIONAL STANDARD SERIAL NUMBER
International Standard Serial Number 9771511837003
040 ## - CATALOGING SOURCE
Original cataloging agency PPAK
Language of cataloging eng
Transcribing agency PPAK
Description conventions rda
245 04 - TITLE STATEMENT
Title The Malaysian Women's Weekly
264 #1 - PRODUCTION, PUBLICATION, DISTRIBUTION, MANUFACTURE, AND COPYRIGHT NOTICE
Place of production, publication, distribution, manufacture Kuala Lumpur:
Name of producer, publisher, distributor, manufacturer Blu Inc Media Sdn Bhd,
336 ## - CONTENT TYPE
Source rdacontent
Content type term text
337 ## - MEDIA TYPE
Source rdamedia
Media type term unmediated
338 ## - CARRIER TYPE
Source rdacarrier
Carrier type term volume
650 10 - SUBJECT ADDED ENTRY--TOPICAL TERM
Topical term or geographic name entry element Women Malaysia- Periodicals
942 ## - ADDED ENTRY ELEMENTS (KOHA)
-- dc
Koha item type Serial
Holdings
Withdrawn status Lost status Source of classification or shelving scheme Damaged status Not for loan Home library Current library Shelving location Date acquired Source of acquisition Cost, normal purchase price Serial Enumeration / chronology Full call number Barcode Date last seen Cost, replacement price Price effective from Koha item type Copy number Total Checkouts Date last checked out
    Dewey Decimal Classification     Perpustakaan Alor Setar Perpustakaan Alor Setar G 27/11/2013 Syarikat Mohamed Farook 6.00 December 2013 305.4 MAL A00805515 03/04/2018 6.00 03/04/2018 Serial      
    Dewey Decimal Classification   Not For Loan Perpustakaan Alor Setar Perpustakaan Alor Setar R 29/08/2017 Syarikat Mohamed Farook 6.36 September 2017 R 305.4 MAL A00617293 03/04/2018 6.40 03/04/2018 Serial      
    Dewey Decimal Classification     Perpustakaan Alor Setar Perpustakaan Alor Setar G 27/11/2013 Syarikat Mohamed Farook 6.00 December 2013 305.4 MAL A00805513 03/04/2018 6.00 03/04/2018 Serial      
    Dewey Decimal Classification     Perpustakaan Alor Setar Perpustakaan Alor Setar G 21/10/2013 Syarikat Mohamed Farook 6.00 July 2013 305.4 MAL A00118803 03/04/2018 6.00 03/04/2018 Serial 23443    
    Dewey Decimal Classification     Perpustakaan Alor Setar Perpustakaan Alor Setar G 02/10/2013 Syarikat Mohamed Farook 6.00 September 2013 305.4 MAL A00800076 03/04/2018 6.00 03/04/2018 Serial 24110    
    Dewey Decimal Classification   Not For Loan Perpustakaan Alor Setar Perpustakaan Alor Setar R 09/01/2019 Syarikat Mohamed Farook 6.00 January 2019 R 305.4 MAL A00622313 09/01/2019 6.00 09/01/2019 Serial      
    Dewey Decimal Classification Pelupusan   Perpustakaan Alor Setar Perpustakaan Alor Setar G 05/12/2019 Syarikat Mohamed Farook 6.00 December 2019 / January 2020 305.4 MAL A00624157 04/11/2024 6.00 05/12/2019 Serial   7 15/10/2024
    Dewey Decimal Classification   Not For Loan Perpustakaan Alor Setar Perpustakaan Alor Setar R 05/02/2020 Syarikat Mohamed Farook 6.00 February / March 2020 R 305.4 MAL A00624392 05/02/2020 6.00 05/02/2020 Serial